000 00613nam a2200205Ia 4500
003 IN-BaIIA
008 211028s9999 xx 000 0 eng d
020 _a0-08-020914-9
040 _cIIA Library
080 _a524.352(091)
_bCLA
100 _aClark, David H
_99705
245 4 _aThe historical supernovae
_cDavid H. Clark and F. Richard Stephenson.
260 _aOxford
_bPergamon Press
_c1977
300 _ax, 233p.
650 _aAstronomy and astrophysics thesaurus
650 _aHistory - supernovae
_99706
650 _aSupernovae - history
_99707
700 _aStephenson, F Richard
_99708
942 _cBK
999 _c5589
_d5589